Commercial property management in England and Wales (Record no. 112871)

MARC details
000 -LEADER
fixed length control field 01340cad a22002415a 4500
001 - CONTROL NUMBER
control field L154166
008 - FIXED-LENGTH DATA ELEMENTS--GENERAL INFORMATION
fixed length control field 111021s2011 xxk f 000 0 eng d
020 ## - INTERNATIONAL STANDARD BOOK NUMBER
International Standard Book Number 9781842197219
035 ## - SYSTEM CONTROL NUMBER
System control number (Sirsi) u154166
041 0# - LANGUAGE CODE
Language code of text/sound track or separate title eng
050 04 - LIBRARY OF CONGRESS CALL NUMBER
Classification number 333.33706 $2 20
110 2# - MAIN ENTRY--CORPORATE NAME
Corporate name or jurisdiction name as entry element Royal Institution of Chartered Surveyors
9 (RLIN) 4900
245 00 - TITLE STATEMENT
Title Commercial property management in England and Wales
Medium [electronic resource]
250 ## - EDITION STATEMENT
Edition statement 2nd ed.
260 ## - PUBLICATION, DISTRIBUTION, ETC.
Place of publication, distribution, etc. Coventry
Name of publisher, distributor, etc. RICS
Date of publication, distribution, etc. 2011
490 #0 - SERIES STATEMENT
Series statement RICS Guidance Note
520 ## - SUMMARY, ETC.
Summary, etc. This guidance note is principally concerned with how the person(s) in control of a building should act and, in particular, how they manage, communicate and control income and expenditure while minimising the various associated risks. Managers should at all times seek to comply with the principles set out in this guidance note. While this guidance note refers principally to the management of multi-let properties, the principles can be applied to the management of all types of commercial property.
590 ## - LOCAL NOTE (RLIN)
Local note KA
651 #4 - SUBJECT ADDED ENTRY--GEOGRAPHIC NAME
Geographic name England and Wales
Chronological subdivision 1543-
690 ## - LOCAL SUBJECT ADDED ENTRY--TOPICAL TERM (OCLC, RLIN)
Topical term or geographic name as entry element PROPERTY-COMMERCIAL PROPERTY
856 40 - ELECTRONIC LOCATION AND ACCESS
Uniform Resource Identifier <a href="https://www.rics.org/Global/Commercial_property_management_in_England_and_Wales_2nd_edition_PGguidance_2011.pdf">https://www.rics.org/Global/Commercial_property_management_in_England_and_Wales_2nd_edition_PGguidance_2011.pdf</a>
Public note View this guidance note free of charge at www.rics.org (member-only access).
942 ## - ADDED ENTRY ELEMENTS (KOHA)
Suppress in OPAC 0
Holdings
Withdrawn status Lost status Source of classification or shelving scheme Damaged status Not for loan Home library Current library Shelving location Date acquired Total Checkouts Full call number Barcode Date last seen Copy number Price effective from Koha item type
    Dewey Decimal Classification     London London RICS Boxes 23/11/2011   RICS 2011/50 30079590 06/08/2019 2 06/08/2019 Book
    Dewey Decimal Classification     London London RICS Boxes 23/11/2011   RICS 2011/50 30078396 06/08/2019 3 06/08/2019 Book
    Dewey Decimal Classification     London London RICS Boxes 23/11/2011   RICS 2011/50 30079586 06/08/2019 1 06/08/2019 Archive
    Dewey Decimal Classification     Virtual Virtual Online 21/10/2011   ONLINE PUBLICATION 154166-2001 06/08/2019 1 06/08/2019 Book